| 000 | 00000nam##2200000za#4500 |
| 001 | 9.574218 |
| 003 | CaOODSP |
| 005 | 20210624184057 |
| 007 | cr ||||||||||| |
| 008 | 150406|2008||||xxc|||||o f|0| 0 eng|d |
| 022 | |a1488-5379 |
| 040 | |aCaOODSP|beng |
| 043 | |an-cn--- |
| 086 | 1 |aFs97-6/2677E-PDF |
| 110 | 1 |aCanada. |bDepartment of Fisheries and Oceans. |
| 245 | 10|aMarine use analysis of the Pacific North Coast Integrated Management Area / |h[electronic resource]|cby S. MacConnachie, J. Hillier and S. Butterfield. |
| 260 | |aNanaimo - British Columbia : |bFisheries and Oceans Canada |c2007. |
| 300 | |a198p.|bcoloured maps, figs. (some coloured), graphs, references, tables |
| 490 | 1 |aCanadian technical report of fisheries and aquatic sciences|x1488-5379|v2677 |
| 500 | |aThe catalogue number (Fs97-6/2677E) and ISSN (0706-6457) for the print edition have been incorrectly copied in this electronic publication. |
| 546 | |a(Résumé en français) |
| 590 | |a12-26-Supp|b2012-06-07 |
| 720 | 1 |aMacConnachie, S. |
| 720 | 1 |aHillier, J. |
| 720 | 1 |aButterfield, S. |
| 776 | 0#|tMarine use analysis of the Pacific North Coast Integrated Management Area / |w(CaOODSP)9.618815 |
| 830 | #0|aCanadian technical report of fisheries and aquatic sciences,|x1488-5379|v2677|w(CaOODSP)9.504449 |
| 856 | 40|ahttp://publications.gc.ca|qPDF|s9.94 MB|uhttps://publications.gc.ca/collections/collection_2012/mpo-dfo/Fs97-6-2677-eng.pdf|y2677 |